000 00639nam a2200217Ia 4500
001 2086
005 20240113233527.0
007 ta
008 050219s a g b000 u eng u
040 _aRef.stack
041 _aeng
082 _a338.6406
_bAs 72 R
110 _aGovernment of Assam .
245 0 _aReport on a survey of cottage industries in Assam Vol. I /
_cGovernment of Assam.
_hReports
260 _aShillong :
_bDepartment of economics and statistics, Assam ,
_c1902.
300 _a122p. :
_bill ;
_c32cm .
653 _aReport - survey - cottage industries
942 _2ddc
_cBK
999 _c2079
_d2079